| 000 | 00669cam6a220020500 4500 | ||
|---|---|---|---|
| 001 | tmp15220819 | ||
| 003 | UPRA | ||
| 005 | 20190815105558.0 | ||
| 008 | 950718s1943 po por u | ||
| 035 | _a(Sirsi) r78922 | ||
| 035 | _a(UPRA)tmp15220819 | ||
| 040 | _cUPRA | ||
| 050 | 0 | _aDP 556 Lav 1943 | |
| 100 | 1 |
_cMarques do. _6A38674.1 |
|
| 245 | 1 | 2 | _aA diplomacia do imperio. |
| 260 |
_a[Lisboa] : _bDivis~ao de Publicac~oes e Biblioteca, Agencia Geral das Colonias, _c1943. |
||
| 651 | 0 |
_aPortugal -- Foreign relations. _xPortugal -- Foreign relations. _6S30516.1 |
|
| 949 |
_aDP 556 Lav 1943 _wlcc _c 1 _i33729000045398 _mMAIN _p2500 _tBOOK _lON-SHELF |
||
| 004 | 78922 | ||
| 999 |
_c68179 _d68180 |
||